[Event "Olympiad-45"]
[Site "Budapest"]
[Date "2024.09.15"]
[Round "5.75"]
[White "Fumey, Enyonam Sewa"]
[Black "Pierre, Makem"]
[Result "1/2-1/2"]
[WhiteElo "1845"]
[BlackElo "1860"]
[PlyCount "103"]
[EventDate "2024.09.11"]
[EventType "team-swiss"]
[EventRounds "11"]
[EventCountry "HUN"]
[SourceTitle "EXT 2025"]
[Source "ChessBase"]
[SourceDate "2024.10.14"]
[SourceVersion "1"]
[SourceVersionDate "2024.10.14"]
[SourceQuality "1"]
[WhiteTeam "Togo"]
[BlackTeam "Cameroon"]
[WhiteTeamCountry "TOG"]
[BlackTeamCountry "CAM"]

1. e4 e6 2. Nf3 d5 3. exd5 exd5 4. d4 Bd6 5. Bd3 Ne7 6. Nc3 c6 7. Bg5 f6 8. Bd2 b5 9. Ne2 Qc7 10. c3 Bg4 11. Ng3 Nd7 12. Qe2 Nf8 13. Nf5 Bxf5 14. Bxf5 Kf7 15. Bc2 Nfg6 16. g3 Rhe8 17. 0-0 h5 18. Rae1 Qd7 19. Kg2 h4 20. Kh1 Rh8 21. Rg1 c5 22. dxc5 Bxc5 23. gxh4 Nxh4 24. Nxh4 Rxh4 25. Rg2 Rah8 26. Reg1 g5 27. Rf1 Bd6 28. f4 Qc7 29. Be1 Rxf4 30. Bf2 Nf5 31. Bxf5 Rxf5 32. Re1 Re5 33. Qxb5 Rxe1+ 34. Bxe1 Bxh2 35. Qxd5+ Kg6 36. Qe4+ Kg7 37. Re2 Bg3+ 38. Kg1 Bxe1 39. Rxe1 Qg3+ 40. Kf1 Rf8 41. Qb7+ Rf7 42. Re7 Qf4+ 43. Kg2 Qd2+ 44. Kf3 Qd1+ 45. Kf2 Qc2+ 46. Kf3 Qd3+ 47. Kf2 Qf5+ 48. Kg2 Qc2+ 49. Kf3 Qd1+ 50. Kf2 Qd2+ 51. Kf3 Qd1+ 52. Kf2 1/2-1/2